000 00431nam a2200145Ia 4500
003 OSt
005 20260331150731.0
008 211028s2011 xx 000 0 und d
040 _cAIMIT LIBRARY
041 _aeng
100 _aRego, Norwin Meharan;Madhukar S M.
_g916062
_96823
245 _aTo assess the feasibility of setting up bookmark retail outlet at Manipal /
260 _aManipal
_bMadhukar S M
_c2011
942 _2ddc
_cPRO
999 _c218393
_d218393